Svet ako Babylon

Bibliographic Details
Main Author: Smejkal, Pavel (Author)
Format: Article
Language:Slovak
PhysicalDescription:Fotogr.
ISSN:1335-8286
Subjects:

MARC

LEADER 00000nab a2200000 ar4500
001 vtls008954647
003 SK-MaSNL
005 20260303070326.0
008 070313c2007 xo mr|p|||||||000 b|slo
015 |a SNBRB2007/03  |2 snkbucl 
038 |a SNKBUCL 
040 |a SNKBUCL  |b slo  |c SNKBUCL  |e AACR2 
041 0 |a slo 
044 |a xo  |c SK 
080 |a 791.221.5  |x (73)  |x (44)  |2 2001 
100 1 |a Smejkal, Pavel  |4 aut  |9 390523 
245 1 0 |a Svet ako Babylon  |c Pavel Smejkal 
300 |b Fotogr. 
500 |a Réžia Alejandro González Iňárritu 
630 0 7 |a Babel (film)  |2 snkbucl  |9 1065370 
655 7 |a recenzie  |2 snkbucl  |9 21907 
773 0 |t Film.sk  |g Roč. 8, č. 3 (2007), s. 30-31  |x 1335-8286 
852 |a SNK  |b KIS3GCP 
958 |a RC 
958 |a US 
958 |a FR 
999 |c 1754888  |d 1756818